Murales del Tlatelolco : grabados /

Obra que contiene siete grabados que reproducen los murales realizados por el pintor Mario Alonso Ostolaza en el Cine Tlatelolco de la ciudad de México. Los grabados, inspirados en la conquista del país, se titulan Aguila-tigre-serpiente, Invasores, Asesinato, Batalla, Resistencia, Sacrificio y Hero...

Descripción completa

Guardado en:
Detalles Bibliográficos
Autor principal: Alonso Ostolaza, Mario (autor)
Otros autores: Pellicer, Carlos (texto) (texto)
Formato: Imagen
Temas:
Etiquetas: Agrega una etiqueta
Sin etiquetas, Sé el primero en etiquetar este registro!

MARC

LEADER 00000nkm^a2200000^a^4500
001 000302403
005 20250526000000.0
009 20260310112611.95
037 |a Acervo ITESO - Biblioteca 
041 |a GRA 
082 |a 759. 97206  |b ALO PEL 
100 |a Alonso Ostolaza, Mario  |e (autor) 
245 1 0 |a Murales del Tlatelolco :  |b grabados /  |c M. Alonso Ostolaza ; texto de C. Pellicer. 
264 |a México :  |b Compañía Operadora de Teatros,  |c 1967 
300 |a 1 v. (10 láminas) ;  |c 32.0 cm. 
520 |a Obra que contiene siete grabados que reproducen los murales realizados por el pintor Mario Alonso Ostolaza en el Cine Tlatelolco de la ciudad de México. Los grabados, inspirados en la conquista del país, se titulan Aguila-tigre-serpiente, Invasores, Asesinato, Batalla, Resistencia, Sacrificio y Heroísmo y codicia. La obra incluye tres láminas más con los datos de presentación y el texto de Pellicer. 
561 |a Obra autografiada por el autor para Julio de la Peña en 1967 
649 |a XX 
650 |a Cines -  |z México (Ciudad) 
650 |a Grabado -  |z México -  |x Tema Principal 
650 |a Pintura Mural -  |z México -  |x Tema Principal 
650 |a Pintura Mexicana -  |y Siglo XX 
650 |a Arte Mexicano -  |y Siglo XX 
650 |a México -  |x Historia -  |y Epoca Prehispánica -  |x Tema Principal 
650 |a México en la Pintura 
650 |a México en el Arte 
700 |a Pellicer, Carlos  |e (texto) 
910 |a Fondo Julio de la Peña Lomelín 
920 |a Gráficos - Pinturas, Grabados e Ilustraciones 
930 |a Libros Antiguos y Raros 
905 |a 108 
901 |a 0500188834  |b IT2  |c LRA  |i C120  |u 20250526 
901 |a 0500188837  |b IT2  |c LRA  |u 20250526 
901 |a 0500188840  |b IT2  |c LRA  |u 20250526 
901 |a 0500188843  |b IT2  |c LRA  |u 20250526 
901 |a 0500188846  |b IT2  |c LRA  |u 20250526 
901 |a 0500188849  |b IT2  |c LRA  |u 20250526 
901 |a 0500188850  |b IT2  |c LRA  |u 20250526 
901 |a 0500188851  |b IT2  |c LRA  |u 20250526 
901 |a 0500188852  |b IT2  |c LRA  |u 20250526 
901 |a 0500188853  |b IT2  |c LRA  |u 20250526 
902 |a https://opac.biblio.iteso.mx/vufind/Record/000302403